000 00921nmm a2200253 a 4500
001 ocm000701276
003 TR-IsHL
005 20201028135024.0
008 131203s1987 tu tur
007 cr cn
035 _a701276
_b(N$T)
050 0 4 _aHC495.I5
_bO94 1987
090 0 4 _aHC495.I5
_bO94 1987
100 1 _aÖzmucur, Süleyman
245 1 0 _aMilli gelirin üç aylık dönemler itibariyle tahmini, dolarla ifadesi ve gelir yolu ile hesaplanması
_h[electronic resource] /
_cSüleyman Özmucur
260 _aİstanbul :
_bİstanbul Ticaret Odası,
_c1987
300 _a144 p.
650 4 _aEkonomi ve Finans
650 4 _aEconomics and Finance
650 0 _aMilli gelir
_x Türkiye
650 0 _aNational income
_x Turkey
650 7 _aBUSINESS & ECONOMICS / Money & Monetary Policy
_2bisacsh
856 4 0 _uhttp://search.ebscohost.com/login.aspx?direct=true&scope=site&db=e011xww&AN=701276
999 _c6516
_d6516